00680nam a2200169 a 450000100100000000500170001000800410002704000250006808200160009310000290010924501530013826000470029130000280033850400730036650400280043970000430046700002713820240319121127.0110329s1998 dr a 000 0 spa d aDO-SdBNPbspacBNPHU axxxxbD352m1 aDelgado Bogaert, Ramón10aMusié Bogaert :bun ingeniero belga-flamenco al servicio de la República Dominicana /cRamón Delgado Bogaert ; prólogo Rafael Emilo Yunén. aSanto Domingo :bEditorial Padilla,c1998. a357 p. :bil. ;c29 cm. aIncluye referencias bibliográficas y notas al pie de las páginas aBibliografía : p. 3571 aYunén, Rafael Emiliod1952-epról.